000
00297nam a2200109Ia 4500
008
200302s9999 xx 000 0 und d
100
_a
James Steele
245
_a
The Architecture of Rasem Badran Narratives on People & Place
260
_b
Thames and Hudson Ltd.
260
_c
2005
300
_a
256 P.,
999
_c
2598
_d
2598